000 00825nam a2200241 i 4500
001 bg
100 1 _aGąsowski, Włodzimierz
_d(1933- ).
245 1 0 _aUkłady mechaniczne elektrycznych pojazdów trakcyjnych /
_cWłodzimierz Gąsowski, Jerzy Sobaś, Kazimierz Pohl ; Politechnika Poznańska.
260 _aPoznań :
_bWydaw. PP,
_c1994.
300 _a193 s. :
_brys., wykr. ;
_c24 cm.
504 _aBibliogr. s. 190-193.
521 _aDla studentów IV roku kierunku Mechanika i Budowa Maszyn oraz specjalistów pojazdów szynowych.
650 9 _aKoleje elektryczne
650 9 _aTramwaje
655 _aPodręczniki akademickie
700 1 _aSobaś, Jerzy.
700 1 _aPohl, Kazimierz.
040 _cBPK
041 0 _apol
080 _a629.4(075.8)
942 _cKS
008 s pl f |000 0 pol
999 _c6708
_d6708
856 _uhttp://koha.tu.koszalin.pl/cgi-bin/koha/opac-detail.pl?biblionumber=6708
_yKatalog online BPK